| 000 | 00000nam##2200000za#4500 |
| 001 | 9.681621 |
| 003 | CaOODSP |
| 005 | 20210615132448 |
| 007 | ta |
| 008 | 150407|2001||||xxc||||| f|0| 0 fre|d |
| 020 | |a0-662-86203-1 |
| 040 | |aCaOODSP|bfre |
| 043 | |an-cn--- |
| 086 | 1 |aE2-392/2001F |
| 110 | 1 |aCanada.|bAffaires étrangères et Commerce international. |bCentre canadien pour le développement de la politique étrangère. |
| 245 | 10|aRapport de la table ronde: les juges et les opérations de paix / |cpar Marketa Geislerova. |
| 260 | |aOttawa - Ontario : |bAffaires étrangères et Commerce international. |c2001. |
| 300 | |a10p. en pagination multiple ; |c28 cm. |
| 563 | |aCouverture souple |
| 590 | |a02-33|b2002-08-16 |
| 691 | 07|aJuge|2gcpds |
| 691 | 07|aMaintien de la paix|2gcpds |
| 691 | 07|aOrganisme non gouvernemental|2gcpds |
| 720 | 1 |aGeislerova, Marketa |
| 775 | 08|tReport from the roundtable: judges and peace operations |w(CaOODSP)9.648241 |
| 776 | 0#|tRapport de la table ronde (9 mars 2001, Ottawa) : |w(CaOODSP)9.630731 |